000 01094nam a2200289 i 4500
001 12464
003 ES-MaACL
005 20251120063120.0
007 t|
008 890201s1987 sp ||||0| spa j ..|
015 _a1989-FEB-3048
016 7 _zSAB9000040689
020 _a84-235-0724-6
040 _aM-BN-DP
_bspa
_cM-BN-DP
080 _a34(465.11)
100 1 _aBurgo, Jaime Ignacio del,
_d1942-
_932642
245 1 0 _aIntroducción al estudio del Amejoramiento del Fuero
_b: (los derechos históricos de Navarra) /
_cJaime Ignacio del Burgo ; prólogo de Eduardo García de Enterría.
260 _aPamplona :
_bDepartamento de Presidencia,
_cD.L. 1987.
300 _a342 p ;
_c24 cm.
650 1 4 _aFueros-
_zNavarra (Comunidad Autónoma)
_912993
700 1 _aGarcía de Enterría, Eduardo.
_954425
710 1 _aNavarra (Comunidad Autónoma).
_kLeyes, etc.
_95986
710 0 0 _aEspaña.
_tLeyes, etc.
_9184149
710 1 _aNavarra (Comunidad Autónoma).
_bDepartamento de Presidencia.
_95981
852 _aES-MaACL
_jL-19716
_bR.119272
999 _c12464
_d12464